000 00270 a2200109 4500
001 51152
040 _cAnchieta - Pituba
240 1 0 _aVideo Language Course
_l
245 1 0 _aVideo Language Course
650 4 _aLínguas germânicas (teutônicas) língua alemã
942 _cMX
999 _c51152
_d51152